Online Catalogue and eLibrary

Rajakeeya api (Record no. 5290)

MARC details
000 -LEADER
fixed length control field 00420nam a2200157Ia 4500
005 - DATE AND TIME OF LATEST TRANSACTION
control field 20250704033708.0
008 - FIXED-LENGTH DATA ELEMENTS--GENERAL INFORMATION
fixed length control field 240331s9999 xx 000 0 und d
020 ## - INTERNATIONAL STANDARD BOOK NUMBER
ISBN 9559102869
082 ## - DDC Classification
Item Number - Author Mark STR
Class No. 954
100 ## - MAIN ENTRY--PERSONAL NAME
Personal name Strthar,A
245 #0 - TITLE STATEMENT
Title Rajakeeya api
260 ## - PUBLICATION, DISTRIBUTION, ETC.
Place of publication, distribution, etc. Colombo
Name of publisher, distributor, etc. Social Scientists Association
Date of publication, distribution, etc. 2006
300 ## - PHYSICAL DESCRIPTION
Extent (e.g. Volumes, Pages etc.) 25 p .,
500 ## - GENERAL NOTE
General note Sinhala Consciousness in the Kandyan Period 1590s to 1815
942 ## - Koha item type (Biblio)
Koha item type Books in Stacks (Lending)
Holdings
Lost status Damaged status Collection code Home library Current library Shelving location Date acquired Full call number Accession Number Item type
    Lending WERC Library WERC Library Social Science Cupboard 03/31/2024 954.93 STR 5649 Books in Stacks (Lending)

© WERC Library